Ako ovládnuť energie pomocou IT
Oblasť energetiky je mimoriadne komplexná a heterogénna, preto je dôležité, aby mala adekvátnu technologickú podporu. IT podpora musí priebežne reagovať nielen na zmeny v legislatíve, ale predovšetkým na neustále a rýchle zmeny obchodnej situácie. Kvalitné informácie sú základ. V súčasnosti sú veľmi...
Salvato in:
| Autore principale: | |
|---|---|
| Natura: | Capitolo di libro |
| Lingua: | slovacco |
| Soggetti: | |
| Tags: |
Nessun Tag, puoi essere il primo ad aggiungerne!!
|
MARC
| LEADER | 00000naa$a2200000$$$4500 | ||
|---|---|---|---|
| 001 | 0100749 | ||
| 005 | 20231011121545.7 | ||
| 041 | 0 | |a slo | |
| 044 | |a SK | ||
| 245 | 1 | 0 | |a Ako ovládnuť energie pomocou IT |c Karol Michaliak |
| 520 | |a Oblasť energetiky je mimoriadne komplexná a heterogénna, preto je dôležité, aby mala adekvátnu technologickú podporu. IT podpora musí priebežne reagovať nielen na zmeny v legislatíve, ale predovšetkým na neustále a rýchle zmeny obchodnej situácie. Kvalitné informácie sú základ. V súčasnosti sú veľmi vyhľadávané riešenia na podporu obchodovania na energetickom trhu. Inteligentné meranie, predvídanie, optimalizácia a plánovanie. | ||
| 610 | 2 | 0 | |a energetika |
| 610 | 2 | 0 | |a technológie informačné |
| 610 | 2 | 0 | |a informácie |
| 610 | 2 | 0 | |a optimalizácia |
| 610 | 2 | 0 | |a plánovanie |
| 610 | 2 | 0 | |a meranie |
| 610 | 2 | 0 | |a predvídanie |
| 100 | 1 | |a Michaliak, Karol | |